Miasta w woj. mazowieckim - nagła śmierć - Statystyki

Ogólne statystyki
  • Ten quiz został rozwiązany 112 razy
  • Średni wynik to 16 z 36
Answers on the Grid
Answers color-coded by a green-red scale on the quiz's grid according to % correct below.
Warszawa
Radom
Płock
Siedlce
Ostrołęka
Pruszków
Ząbki
Marki
Wołomin
Wyszków
Legionowo
Żuromin
Sierpc
Gostynin
Ostrów Mazowiecka
Serock
Przasnysz
Zakroczym
Grójec
Brwinów
Otwock
Piaseczno
Mińsk Mazowiecki
Łosice
Sokołów Podlaski
Żyrardów
Ożarów Mazowiecki
Białobrzegi
Szydłowiec
Ciechanów
Pułtusk
Lipsko
Zwoleń
Kozienice
Przysucha
Konstancin-Jeziorna
Puławy
Dęblin
Łuków
Wysokie Mazowieckie
Pisz
Działdowo
Rypin
Włocławek
Ełk
Rawa Mazowiecka
Tomaszów Mazowiecki
Skierniewice
Radomsko
Opoczno
Starachowice
Zambrów
Łomża
Siemiatycze
Nidzica
Łowicz
 
Statystyki odpowiedzi
Odpowiedź % Poprawnych
Warszawa
64%
Pruszków
63%
Mińsk Mazowiecki
59%
Ostrołęka
59%
Otwock
59%
Piaseczno
59%
Radom
55%
Siedlce
54%
Ząbki
54%
Grójec
52%
Marki
52%
Wołomin
52%
Ciechanów
50%
Legionowo
50%
Ożarów Mazowiecki
50%
Pułtusk
50%
Konstancin-Jeziorna
48%
Żyrardów
46%
Ostrów Mazowiecka
45%
Płock
45%
Przasnysz
41%
Serock
41%
Wyszków
41%
Przysucha
38%
Sierpc
38%
Żuromin
38%
Gostynin
36%
Kozienice
34%
Łosice
34%
Brwinów
32%
Zwoleń
32%
Sokołów Podlaski
30%
Szydłowiec
30%
Białobrzegi
29%
Lipsko
27%
Zakroczym
27%
Nie znaleziono quizów pasujących do podanych kryteriów
Rozkład punktacji
Procent ludzi z każdym wynikiem
Percentyl według liczby udzielonych odpowiedzi
Twoja historia wyników
Nie rozwiązałeś tego quizu